000 00214 a2200109 4500
020 _a9780439317344
041 _aspa
100 _aScholastic
245 _aEl perro que grito socorro
942 _cBK
952 _74
999 _c19629
_d19629